000 00496nam a2200193Ia 4500
003 OSt
005 20240123141817.0
008 210210b1925 xxu||||| |||| 00| 0 eng d
040 _cAL
041 _aeng
082 _a545.2 CAVQ
100 _aCAVEN (R M)
_9148897
245 _aQuantitative chemical analysis and inorganic preparations part 1
260 _aLondon
_bBlackie and Son Limited
_c1925
300 _avii,156
690 _aChemistry
_9148898
906 _a009893
942 _2ddc
_cBK
999 _c140634
_d140634